Spotreba bioproduktov na slovenskom trhu

Salvato in:
Dettagli Bibliografici
Autore principale: Lieskovská, Vanda, 1961-
Altri autori: Bačo, Tomáš, 1981-, Megyesiová, Silvia, 1969-
Natura: Capitolo di libro
Lingua:slovacco
Soggetti:
Tags: Aggiungi Tag
Nessun Tag, puoi essere il primo ad aggiungerne!!

MARC

LEADER 00000naa$a2200000$$$4500
001 0144580
005 20240502072607.5
041 0 |a slo 
044 |a SK 
245 1 0 |a Spotreba bioproduktov na slovenskom trhu  |c Vanda Lieskovská, Tomáš Bačo, Silvia Megyesiová 
500 |a Abstrakt 
610 2 0 |a bioprodukty 
610 2 0 |a spotreba potravín 
610 2 0 |a Slovensko 
100 1 |a Lieskovská, Vanda, 1961- 
700 1 |a Bačo, Tomáš, 1981- 
700 1 |a Megyesiová, Silvia, 1969-